Online
Catalog
Normal view MARC view

Entry Nombre personal

Number of records used in: 8

001 - NÚMERO DE CONTROL

  • campo de control: 13649

003 - IDENTIFICADOR DEL NÚMERO DE CONTROL

  • campo de control: BNPHU

005 - FECHA Y HORA DE LA ÚLTIMA TRANSACCIÓN

  • campo de control: 20240306165610.0

008 - DATOS DE LONGITUD FIJA

  • campo de control de longitud fija: 200615|| aca||aabn | a|a d

010 ## - NÚMERO DE CONTROL DE LA BIBLIOTECA DEL CONGRESO

  • Número de control de LC: n 86099875
  • Número de control de LC cancelado o no válido: n 2014027140

040 ## - FUENTE DE LA CATALOGACIÓN

  • Centro catalogador/agencia de origen: DO-SdBNP
  • Lengua de catalogación: spa
  • Centro/agencia transcriptor: BNPHU
  • Normas de descripción: rda

100 1# - ENCABEZAMIENTO-NOMBRE DE PERSONA

  • Nombre de persona: Coelho, Paulo,
  • Fechas asociadas al nombre: 1947-

370 ## - LUGAR ASOCIADO

  • Lugar de nacimiento: Rio de Janeiro, Brasil

374 ## - OCUPACIÓN

  • Ocupación: Escritor
  • Ocupación: Compositor

375 ## - GÉNERO/SEXO

  • Género/Sexo: masculino

377 ## - LENGUA/LENGUAJE ASOCIADO

  • Código del idioma: por
  • Término de lengua/lenguaje: Portugues

400 1# - TRAZADO DE VÉASE--NOMBRE DE PERSONA

  • Nombre de persona: Koelʹo, Paulo

400 1# - TRAZADO DE VÉASE--NOMBRE DE PERSONA

  • Nombre de persona: Koeljo, Paulo

670 ## - FUENTE DE DATOS ENCONTRADOS

  • Cita de la fuente: Work cat.: (OSt)4493: Coelho, Paulo, 1947-, Manual del guerrero de la luz /, 1998.

670 ## - FUENTE DE DATOS ENCONTRADOS

  • Cita de la fuente: Os símbolos do tempo, 1985

670 ## - FUENTE DE DATOS ENCONTRADOS

  • Cita de la fuente: Diário de um mago, 1988

Powered by Koha